[Event "9MCR_4D_1L_1S"]
[Site "?"]
[Date "2010.??.??"]
[Round "?"]
[White "Kuta, Jiri"]
[Black "Masek, Jan"]
[Result "1/2-1/2"]
[WhiteElo "2372"]
[BlackElo "2362"]
[Annotator "056"]
[PlyCount "81"]
[EventDate "2010.??.??"]
[EventType "corr"]
[SourceDate "2002.06.29"]

1. d4 Nf6 2. c4 c5 3. d5 b5 4. cxb5 a6 5. bxa6 e6 6. Nc3 Nxd5 7. Nxd5 exd5 8.
Qxd5 Nc6 9. Nf3 Be7 10. Ne5 O-O 11. Nxc6 dxc6 12. Qxd8 Rxd8 13. e3 Bf6 14. f4
Bxa6 15. Bxa6 Rxa6 16. Ke2 Rb8 17. Rd1 c4 18. Kd2 Bxb2 19. Bxb2 Rxb2+ 20. Kc3
Rb8 21. a4 f5 22. Kxc4 Rba8 23. Kb3 Re8 24. Rd3 c5 25. Kc3 Ra5 26. Kd2 Re4 27.
Rd5 g6 28. Ke2 Raxa4 29. Rxa4 Rxa4 30. Rxc5 Ra7 31. h3 h5 32. g4 hxg4 33. hxg4
Rf7 34. Kf3 Kg7 35. Re5 Kf6 36. e4 fxe4+ 37. Rxe4 Rb7 38. Ra4 Re7 39. Ra5 Rb7
40. Ra6+ Kf7 41. g5 1/2-1/2

[Event "9MCR_4D_1L_1S"]
[Site "?"]
[Date "2010.??.??"]
[Round "?"]
[White "Kuta, Jiri"]
[Black "Mateka, Petr"]
[Result "1/2-1/2"]
[WhiteElo "2375"]
[BlackElo "2342"]
[Annotator "022"]
[PlyCount "50"]
[EventDate "2010.??.??"]
[EventType "corr"]
[SourceDate "2002.06.29"]

1. d4 Nf6 2. c4 e6 3. Nf3 b6 4. a3 Bb7 5. Nc3 d5 6. cxd5 Nxd5 7. Qc2 Nxc3 8.
bxc3 Be7 9. e4 O-O 10. Bd3 c5 11. O-O Qc7 12. Qe2 Nc6 13. d5 Na5 14. c4 Nb3 15.
Rb1 Nxc1 16. Rfxc1 Rad8 17. a4 Rfe8 18. Qc2 h6 19. Re1 Bf8 20. h3 g6 21. Re3
Bg7 22. Be2 Bc8 23. Rd1 Bb7 24. Rb1 Bc8 25. Rd1 Bb7 1/2-1/2

[Event "9MCR_4D_1L_1S"]
[Site "?"]
[Date "2010.??.??"]
[Round "?"]
[White "Kuta, Jiri"]
[Black "Mezera, Lukas"]
[Result "1-0"]
[WhiteElo "2375"]
[BlackElo "2209"]
[Annotator "057"]
[PlyCount "89"]
[EventDate "2010.??.??"]
[EventType "corr"]
[SourceDate "2002.06.29"]

1. d4 Nf6 2. c4 e6 3. Nf3 d5 4. Nc3 c6 5. Bg5 h6 6. Bh4 dxc4 7. e4 g5 8. Bg3 b5
9. Be2 Bb7 10. h4 g4 11. Ne5 h5 12. O-O Nbd7 13. Qc2 Nxe5 14. Bxe5 Bg7 15. b3
cxb3 16. axb3 O-O 17. Bg3 Qxd4 18. Rad1 Qb4 19. e5 Nd5 20. Ne4 Rfd8 21. Ng5 Nc3
22. Qh7+ Kf8 23. Rde1 c5 24. Bc4 bxc4 25. Qxh5 Rd7 26. Nh7+ Ke8 27. Nf6+ Kd8
28. Nxd7 Ke7 29. bxc4 Qxc4 30. Nf6 Ne2+ 31. Rxe2 Qxe2 32. Qg5 Kf8 33. h5 Qc2
34. h6 Qg6 35. Qxg6 fxg6 36. hxg7+ Kxg7 37. Rd1 Bc6 38. Rd6 Rc8 39. Nxg4 Kf7
40. Nh6+ Kg7 41. Bf4 Rc7 42. Bg5 Bb5 43. Rd8 Rd7 44. Rb8 Be2 45. f3 1-0

[Event "9MCR_4D_1L_1S"]
[Site "?"]
[Date "2010.??.??"]
[Round "?"]
[White "Kuta, Jiri"]
[Black "Sojka, Vaclav"]
[Result "1/2-1/2"]
[WhiteElo "2375"]
[BlackElo "2214"]
[Annotator "064"]
[PlyCount "117"]
[EventDate "2010.??.??"]
[EventType "corr"]
[SourceDate "2002.06.29"]

1. d4 Nf6 2. c4 e6 3. Nf3 b6 4. g3 Ba6 5. b3 Bb4+ 6. Bd2 Be7 7. Bg2 d5 8. cxd5
exd5 9. O-O O-O 10. Nc3 Bb7 11. Bc1 Na6 12. Bb2 Qc8 13. Rc1 Rd8 14. Ne5 Qe6 15.
e3 Ne4 16. Ne2 Bd6 17. Nf4 Qe8 18. Qg4 Nf6 19. Qf5 c6 20. Rfe1 Bc8 21. Qb1 Bb7
22. a3 Nc7 23. Qc2 Ne6 24. b4 a5 25. Nxc6 Bxc6 26. Qxc6 Nxf4 27. exf4 Qxc6 28.
Rxc6 axb4 29. axb4 Bxb4 30. Re3 Ba5 31. Re7 Rac8 32. Rec7 Rxc7 33. Rxc7 Rb8 34.
Bf1 Bb4 35. Bb5 Kf8 36. Ra7 Rc8 37. Bd3 g6 38. Rb7 Rc6 39. f5 g5 40. h3 Kg7 41.
Kf1 h6 42. Ke2 Ne8 43. Kd1 Nd6 44. Rb8 Kf6 45. g4 Ba5 46. Bc1 Rc3 47. Bf1 Rb3
48. Bg2 Rb4 49. Be3 Nb5 50. Rc8 Nxd4 51. Bxd5 Rb1+ 52. Rc1 Rxc1+ 53. Bxc1 Bc3
54. f4 b5 55. fxg5+ hxg5 56. Be3 b4 57. Bc4 b3 58. Bxd4+ Bxd4 59. Bxb3 1/2-1/2

[Event "9MCR_4D_1L_1S"]
[Site "?"]
[Date "2010.??.??"]
[Round "?"]
[White "Lounek, Jan"]
[Black "Brichacek, Milan"]
[Result "1-0"]
[WhiteElo "2406"]
[BlackElo "2085"]
[Annotator "029"]
[PlyCount "85"]
[EventDate "2010.??.??"]
[EventType "corr"]
[SourceDate "2002.06.29"]

1. d4 Nf6 2. c4 e6 3. Nf3 c5 4. d5 d6 5. Nc3 exd5 6. cxd5 g6 7. e4 Bg7 8. h3
O-O 9. Bd3 Re8 10. O-O a6 11. a4 Nbd7 12. Re1 b6 13. Bf4 Qc7 14. Bc4 Nh5 15.
Bh2 Bb7 16. Qd2 Rad8 17. Rad1 Kf8 18. Qe2 Ra8 19. Ng5 h6 20. Ne6+ fxe6 21. Qf3+
Ke7 22. e5 Nxe5 23. Bxe5 Bxe5 24. Rxe5 Ng7 25. Ne4 Rf8 26. Qg4 Bxd5 27. Rexd5
exd5 28. Bxd5 g5 29. Qe2 Rae8 30. Nxd6+ Kf6 31. Qf3+ Ke7 32. Bf7 Ne6 33. Nxe8
Rxf7 34. Qxf7+ Kxf7 35. Nxc7 Nd4 36. Nxa6 Ke7 37. Nc7 h5 38. Nd5+ Kd6 39. Nxb6
Kc6 40. Rxd4 cxd4 41. a5 Kb5 42. b4 Kc6 43. a6 1-0

[Event "9MCR_4D_1L_1S"]
[Site "?"]
[Date "2010.??.??"]
[Round "?"]
[White "Lounek, Jan"]
[Black "Bultman, Milan"]
[Result "1/2-1/2"]
[WhiteElo "2406"]
[BlackElo "2196"]
[Annotator "023"]
[PlyCount "54"]
[EventDate "2010.??.??"]
[EventType "corr"]
[SourceDate "2002.06.29"]

1. d4 Nf6 2. c4 g6 3. g3 Bg7 4. Bg2 O-O 5. Nc3 d6 6. Nf3 c5 7. O-O Nc6 8. dxc5
dxc5 9. Be3 Ng4 10. Qxd8 Rxd8 11. Bxc5 Be6 12. Rfd1 Bxc4 13. Nd2 Ba6 14. Bxc6
bxc6 15. Nb3 Rxd1+ 16. Rxd1 Bxc3 17. bxc3 Nf6 18. e3 e5 19. Rd6 Nd5 20. Bb4 Bb5
21. Rd7 f5 22. h3 Nf6 23. Re7 Rd8 24. Rxe5 Rd1+ 25. Kg2 Ne4 26. Re8+ Kf7 27.
Re7+ Kf6 1/2-1/2

[Event "9MCR_4D_1L_1S"]
[Site "?"]
[Date "2010.??.??"]
[Round "?"]
[White "Lounek, Jan"]
[Black "Canibal, Jaromir"]
[Result "1-0"]
[WhiteElo "2406"]
[BlackElo "2243"]
[Annotator "034"]
[PlyCount "63"]
[EventDate "2010.??.??"]
[EventType "corr"]
[SourceDate "2002.06.29"]

1. d4 Nf6 2. c4 g6 3. g3 Bg7 4. Bg2 d5 5. cxd5 Nxd5 6. Nf3 Nb6 7. Nc3 Nc6 8. e3
O-O 9. O-O Bg4 10. h3 Bd7 11. Qe2 e5 12. d5 Ne7 13. e4 f5 14. Qd1 fxe4 15. Ng5
Nf5 16. Ncxe4 Nd4 17. Nc5 Bb5 18. Re1 Qf6 19. Be3 Bc4 20. Qd2 Rfe8 21. Nce6
Bxd5 22. Bxd4 exd4 23. Nxc7 Rxe1+ 24. Rxe1 Bxg2 25. Nxa8 Bc6 26. Nxb6 axb6 27.
Qf4 Qxf4 28. gxf4 d3 29. Rd1 Bxb2 30. Rxd3 Kg7 31. Ne6+ Kf6 32. Nd8 1-0

[Event "9MCR_4D_1L_1S"]
[Site "?"]
[Date "2010.??.??"]
[Round "?"]
[White "Lounek, Jan"]
[Black "Nyvlt, Zdenek"]
[Result "1/2-1/2"]
[WhiteElo "2406"]
[BlackElo "2302"]
[Annotator "013"]
[PlyCount "52"]
[EventDate "2010.??.??"]
[EventType "corr"]
[SourceDate "2002.06.29"]

1. d4 Nf6 2. c4 e6 3. Nf3 b6 4. g3 Ba6 5. b3 Bb7 6. Bg2 Bb4+ 7. Bd2 a5 8. O-O
O-O 9. Qc2 d5 10. Nc3 Nbd7 11. Rfd1 Qe7 12. Bf4 Rac8 13. Ne5 c5 14. a3 Bxc3 15.
Qxc3 Rfd8 16. Nxd7 Nxd7 17. dxc5 Nxc5 18. Be3 h6 19. Bd4 dxc4 20. Bxb7 Qxb7 21.
Bxg7 Ne4 22. Qe5 Rd5 23. Rxd5 Qxd5 24. bxc4 Qxe5 25. Bxe5 Rxc4 26. f3 Nc3
1/2-1/2

[Event "9MCR_4D_1L_1S"]
[Site "?"]
[Date "2010.??.??"]
[Round "?"]
[White "Lounek, Jan"]
[Black "Pirhala, Ladislav"]
[Result "1-0"]
[WhiteElo "2406"]
[BlackElo "2239"]
[Annotator "019"]
[PlyCount "103"]
[EventDate "2010.??.??"]
[EventType "corr"]
[SourceDate "2002.06.29"]

1. d4 Nf6 2. c4 e6 3. Nf3 d5 4. Nc3 Be7 5. Bf4 O-O 6. e3 c5 7. dxc5 Bxc5 8. a3
Nc6 9. Qc2 Qa5 10. Rd1 Be7 11. Be2 Ne4 12. cxd5 Nxc3 13. bxc3 exd5 14. O-O Rd8
15. a4 Bf6 16. Rc1 Qc5 17. Qb1 b6 18. Rfd1 Na5 19. Nd4 Nc4 20. Qb4 Bd7 21. Nb5
Rdc8 22. Qxc5 Rxc5 23. Nc7 Rc8 24. Nxd5 Bxa4 25. Nxf6+ gxf6 26. Rd4 Bb3 27. Bh6
f5 28. h3 Ne5 29. Ba6 Rb8 30. Rd6 Rd5 31. Rxd5 Bxd5 32. c4 Bb7 33. Bb5 Ra8 34.
c5 Rc8 35. Rd1 a6 36. Be2 bxc5 37. f4 Ng6 38. Bc4 Nf8 39. Rd6 Rc7 40. g4 a5 41.
gxf5 Rc6 42. Bxf8 Kxf8 43. Rd7 Ba6 44. Bd5 Rf6 45. e4 a4 46. Kf2 Bb5 47. Ra7
Be8 48. Ke3 Rd6 49. Kd3 Bb5+ 50. Kc3 Rf6 51. h4 Kg8 52. Bc4 1-0

[Event "9MCR_4D_1L_1S"]
[Site "?"]
[Date "2010.??.??"]
[Round "?"]
[White "Lounek, Jan"]
[Black "Valak, Alois"]
[Result "1-0"]
[WhiteElo "2406"]
[BlackElo "2335"]
[Annotator "037"]
[PlyCount "69"]
[EventDate "2010.??.??"]
[EventType "corr"]
[SourceDate "2002.06.29"]

1. d4 Nf6 2. c4 e6 3. Nf3 c5 4. d5 b5 5. dxe6 fxe6 6. cxb5 a6 7. e3 Be7 8. Nc3
O-O 9. a4 Bb7 10. b3 Nd5 11. Bd2 Nb4 12. Be2 d5 13. Na2 Nxa2 14. Rxa2 axb5 15.
Bxb5 Nd7 16. O-O Nf6 17. Bc3 Bd6 18. Be5 Qc7 19. Bxd6 Qxd6 20. Qe2 e5 21. Nd2
e4 22. Rc1 Bc6 23. Bxc6 Qxc6 24. b4 c4 25. b5 Qe6 26. a5 Ng4 27. f4 exf3 28.
Nxf3 Rae8 29. b6 Qd6 30. Qb2 Rxe3 31. b7 Rb3 32. Qd4 Rf4 33. Qa7 h6 34. a6 Kh7
35. h3 1-0

[Event "9MCR_4D_1L_1S"]
[Site "?"]
[Date "2010.??.??"]
[Round "?"]
[White "Masek, Jan"]
[Black "Binas, Jindrich"]
[Result "1/2-1/2"]
[WhiteElo "2362"]
[BlackElo "2237"]
[Annotator "041"]
[PlyCount "70"]
[EventDate "2010.??.??"]
[EventType "corr"]
[SourceDate "2002.06.29"]

1. e4 c5 2. c3 Nf6 3. e5 Nd5 4. d4 cxd4 5. Nf3 Nc6 6. cxd4 d6 7. Bc4 Nb6 8. Bb5
dxe5 9. Nxe5 Bd7 10. Nxd7 Qxd7 11. Nc3 e6 12. O-O Rd8 13. Be3 Be7 14. Qg4 O-O
15. Rac1 a6 16. Bxc6 bxc6 17. Rfd1 Rfe8 18. Bh6 Bf8 19. Ne4 Nd5 20. Qg3 f5 21.
Nc5 Bxc5 22. Rxc5 e5 23. Bd2 exd4 24. Qd3 Nc3 25. bxc3 dxc3 26. Qxc3 Qxd2 27.
Qc4+ Rd5 28. Rf1 Qe2 29. Rxc6 Qxc4 30. Rxc4 Rd2 31. a3 Kf7 32. g3 h6 33. Rc7+
Re7 34. Rc6 Re6 35. Rfc1 Rd3 1/2-1/2

[Event "9MCR_4D_1L_1S"]
[Site "?"]
[Date "2010.??.??"]
[Round "?"]
[White "Masek, Jan"]
[Black "Brichacek, Milan"]
[Result "1-0"]
[WhiteElo "2362"]
[BlackElo "2085"]
[Annotator "027"]
[PlyCount "49"]
[EventDate "2010.??.??"]
[EventType "corr"]
[SourceDate "2002.06.29"]

1. e4 c5 2. c3 d5 3. exd5 Qxd5 4. d4 g6 5. Nf3 Nc6 6. Be2 cxd4 7. cxd4 Bg7 8.
Nc3 Qa5 9. d5 Ne5 10. O-O Nxf3+ 11. Bxf3 Be5 12. Re1 f6 13. Ne4 Bf5 14. Bd2 Qb6
15. Be3 Qxb2 16. Rb1 Qxa2 17. d6 Rb8 18. g4 Bxe4 19. d7+ Kd8 20. Bxe4 Qa5 21.
Rc1 Bd6 22. Bd5 e5 23. Bf7 Qa6 24. Qb3 Ne7 25. Ra1 1-0

[Event "9MCR_4D_1L_1S"]
[Site "?"]
[Date "2010.??.??"]
[Round "?"]
[White "Masek, Jan"]
[Black "Lounek, Jan"]
[Result "0-1"]
[WhiteElo "2362"]
[BlackElo "2406"]
[Annotator "066"]
[PlyCount "114"]
[EventDate "2010.??.??"]
[EventType "corr"]
[SourceDate "2002.06.29"]

1. e4 e5 2. Nf3 Nc6 3. Bb5 Nf6 4. O-O Nxe4 5. d4 Nd6 6. Bxc6 dxc6 7. dxe5 Nf5
8. Qxd8+ Kxd8 9. Nc3 Ke8 10. h3 Be7 11. Rd1 Nh4 12. Nxh4 Bxh4 13. Ne2 Be7 14.
Be3 h5 15. Rd2 h4 16. Rad1 Rh5 17. a3 a6 18. Bd4 Rf5 19. Nc3 Be6 20. Ne4 Rd8
21. f3 Bd5 22. Nf2 Bg5 23. Re2 Bc4 24. Ree1 Bf4 25. Ng4 Be6 26. Bf2 Rxd1 27.
Rxd1 Rh5 28. Re1 Kd7 29. Be3 Bxe3+ 30. Rxe3 Bxg4 31. hxg4 Rg5 32. Kh2 Ke6 33.
Rb3 b6 34. Rc3 c5 35. Kh3 Rxe5 36. Kxh4 Re2 37. Kg3 Kd5 38. Rd3+ Kc6 39. Rc3 b5
40. b3 a5 41. Kf4 Rxg2 42. Ke3 a4 43. bxa4 bxa4 44. Rc4 Kb5 45. Rf4 Rxc2 46.
Rxf7 g5 47. Kd3 Ra2 48. Rxc7 Rxa3+ 49. Kc2 Rxf3 50. Rg7 Kb4 51. Rxg5 Rf2+ 52.
Kb1 Rf1+ 53. Ka2 c4 54. Rg8 c3 55. Rb8+ Kc4 56. Rc8+ Kd3 57. Rd8+ Kc2 0-1

[Event "9MCR_4D_1L_1S"]
[Site "?"]
[Date "2010.??.??"]
[Round "?"]
[White "Masek, Jan"]
[Black "Mateka, Petr"]
[Result "1/2-1/2"]
[WhiteElo "2362"]
[BlackElo "2342"]
[Annotator "021"]
[PlyCount "40"]
[EventDate "2010.??.??"]
[EventType "corr"]
[SourceDate "2002.06.29"]

1. e4 e5 2. Nf3 Nc6 3. Bb5 a6 4. Ba4 Nf6 5. O-O Be7 6. Re1 b5 7. Bb3 O-O 8. h3
d6 9. c3 Na5 10. Bc2 c5 11. d3 Bb7 12. Nbd2 Re8 13. Nf1 Qc7 14. Ng3 d5 15. exd5
Bxd5 16. Nxe5 Bd6 17. d4 cxd4 18. cxd4 Nc6 19. Bg5 Nxe5 20. dxe5 Bxe5 1/2-1/2

[Event "9MCR_4D_1L_1S"]
[Site "?"]
[Date "2010.??.??"]
[Round "?"]
[White "Masek, Jan"]
[Black "Mezera, Lukas"]
[Result "1/2-1/2"]
[WhiteElo "2362"]
[BlackElo "2209"]
[Annotator "075"]
[PlyCount "104"]
[EventDate "2010.??.??"]
[EventType "corr"]
[SourceDate "2002.06.29"]

1. e4 c5 2. c3 Nf6 3. e5 Nd5 4. d4 cxd4 5. Nf3 Nc6 6. cxd4 d6 7. Bc4 Nb6 8. Bb5
dxe5 9. Nxe5 Bd7 10. Nxd7 Qxd7 11. Nc3 e6 12. O-O Be7 13. Qg4 O-O 14. Bxc6 bxc6
15. Bh6 Bf6 16. Rad1 Nd5 17. Ne4 Qe7 18. Rd3 Rfb8 19. b3 a5 20. a3 g6 21. Nxf6+
Nxf6 22. Qh4 Nd5 23. Qe4 Rb7 24. Rc1 Re8 25. a4 Nb4 26. Rg3 Rd7 27. h4 f5 28.
Qf4 Qf6 29. Rc4 e5 30. dxe5 Rxe5 31. Bg5 Qd6 32. Kh2 Qe6 33. Rd4 Nd5 34. Qc1
Re1 35. Qc5 Rf1 36. Bh6 Qf6 37. Rc4 Rd8 38. Bg5 Qa1 39. Rc1 Rxc1 40. Bxc1 f4
41. Rg4 Qf6 42. Qxa5 Re8 43. Qd2 Qf5 44. Rg5 Qe4 45. Bb2 f3 46. gxf3 Qxh4+ 47.
Kg1 Qh3 48. Rg3 Qf5 49. Qd4 Kf7 50. Qg7+ Ke6 51. Kh2 Qc2 52. Qd4 Kd7 1/2-1/2

[Event "9MCR_4D_1L_1S"]
[Site "?"]
[Date "2010.??.??"]
[Round "?"]
[White "Masek, Jan"]
[Black "Nyvlt, Zdenek"]
[Result "1/2-1/2"]
[WhiteElo "2362"]
[BlackElo "2302"]
[Annotator "068"]
[PlyCount "96"]
[EventDate "2010.??.??"]
[EventType "corr"]
[SourceDate "2002.06.29"]

1. e4 d6 2. d4 Nf6 3. Nc3 g6 4. g3 Bg7 5. Bg2 O-O 6. Nge2 e5 7. h3 b6 8. Bg5
Bb7 9. d5 Qd7 10. Qd2 a5 11. a4 Na6 12. g4 c6 13. dxc6 Bxc6 14. Ng3 Nc5 15. b3
Qb7 16. f3 Rfd8 17. Rd1 Ne6 18. h4 d5 19. exd5 Nxd5 20. Bxd8 Rxd8 21. Nxd5 Rxd5
22. Qc1 Nf4 23. Kf2 Rxd1 24. Rxd1 Bf8 25. Rd8 Ne6 26. Rxf8+ Kxf8 27. Qe3 Qc7
28. Ne2 Bb7 29. c4 Nc5 30. g5 Qd6 31. Kg3 f6 32. gxf6 Qxf6 33. Bh3 Kg7 34. Bg4
h5 35. Bh3 Qd6 36. f4 exf4+ 37. Nxf4 Ne4+ 38. Kh2 Qd2+ 39. Qxd2 Nxd2 40. Bg2
Bxg2 41. Kxg2 Nxb3 42. Nd5 Nc5 43. Nxb6 Kf6 44. Kf3 Ke5 45. Ke3 Ne6 46. c5 Nxc5
47. Nc4+ Kf5 48. Kf3 Nb3 1/2-1/2

[Event "9MCR_4D_1L_1S"]
[Site "?"]
[Date "2010.??.??"]
[Round "?"]
[White "Mateka, Petr"]
[Black "Brichacek, Milan"]
[Result "1/2-1/2"]
[WhiteElo "2342"]
[BlackElo "2085"]
[Annotator "046"]
[PlyCount "77"]
[EventDate "2010.??.??"]
[EventType "corr"]
[SourceDate "2002.06.29"]

1. e4 c5 2. Nf3 e6 3. d4 cxd4 4. Nxd4 Nc6 5. Nc3 Qc7 6. Be2 a6 7. O-O Nf6 8.
Be3 Bb4 9. Na4 O-O 10. Nxc6 dxc6 11. Nb6 Rb8 12. Bd3 Bd6 13. f4 e5 14. f5 Qe7
15. Qf3 Bc5 16. h3 Qd6 17. Bxc5 Qxc5+ 18. Qf2 Qxf2+ 19. Kxf2 Nd7 20. Nc4 b5 21.
Na5 Bb7 22. Ke3 Ba8 23. c4 c5 24. Rfc1 Rfd8 25. Nb3 Rdc8 26. Be2 h6 27. Rc3 Nf6
28. Bf3 Kf8 29. Rac1 b4 30. Rd3 Ke7 31. Rcd1 Rb7 32. Rd6 Ra7 33. g3 a5 34. R6d2
a4 35. Nc1 Bc6 36. Nd3 Nd7 37. Be2 Raa8 38. h4 Rd8 39. g4 1/2-1/2

[Event "9MCR_4D_1L_1S"]
[Site "?"]
[Date "2010.??.??"]
[Round "?"]
[White "Mateka, Petr"]
[Black "Bultman, Milan"]
[Result "1/2-1/2"]
[WhiteElo "2342"]
[BlackElo "2196"]
[Annotator "028"]
[PlyCount "56"]
[EventDate "2010.??.??"]
[EventType "corr"]
[SourceDate "2002.06.29"]

1. e4 c5 2. Nf3 d6 3. d4 cxd4 4. Nxd4 Nf6 5. Nc3 g6 6. Be3 Bg7 7. f3 O-O 8. Qd2
Nc6 9. O-O-O d5 10. exd5 Nxd5 11. Nxc6 bxc6 12. Nxd5 cxd5 13. Qxd5 Qc7 14. Qc5
Qb7 15. b3 Bf5 16. Bd3 Rac8 17. Qa5 Rc3 18. Bxf5 Rxe3 19. Be4 Qb8 20. g3 Qc8
21. Rd5 Re2 22. a4 e6 23. Rd6 Bf6 24. Kd1 Rg2 25. f4 Bc3 26. Qa6 Rd2+ 27. Kc1
Rxd6 28. Qxd6 Rd8 1/2-1/2

[Event "9MCR_4D_1L_1S"]
[Site "?"]
[Date "2010.??.??"]
[Round "?"]
[White "Mateka, Petr"]
[Black "Lounek, Jan"]
[Result "1/2-1/2"]
[WhiteElo "2342"]
[BlackElo "2406"]
[Annotator "011"]
[PlyCount "41"]
[EventDate "2010.??.??"]
[EventType "corr"]
[SourceDate "2002.06.29"]

1. e4 e5 2. Nf3 Nc6 3. Bb5 Nf6 4. O-O Nxe4 5. d4 Nd6 6. Bxc6 dxc6 7. dxe5 Nf5
8. Qxd8+ Kxd8 9. Rd1+ Ke8 10. Nc3 Ne7 11. Be3 Bg4 12. h3 Bxf3 13. gxf3 Ng6 14.
f4 Be7 15. Ne4 f6 16. exf6 gxf6 17. Kf1 Rd8 18. Rxd8+ Kxd8 19. Rd1+ Kc8 20. Ke2
b6 21. c3 1/2-1/2

[Event "9MCR_4D_1L_1S"]
[Site "?"]
[Date "2010.??.??"]
[Round "?"]
[White "Mateka, Petr"]
[Black "Nyvlt, Zdenek"]
[Result "1/2-1/2"]
[WhiteElo "2342"]
[BlackElo "2302"]
[Annotator "051"]
[PlyCount "79"]
[EventDate "2010.??.??"]
[EventType "corr"]
[SourceDate "2002.06.29"]

1. e4 d6 2. d4 Nf6 3. Nc3 g6 4. Nf3 Bg7 5. Be2 O-O 6. O-O e6 7. Bg5 h6 8. Be3
Nc6 9. h3 b6 10. Qd2 Kh7 11. Bd3 Bb7 12. a3 Ne7 13. Rad1 d5 14. e5 Ne4 15. Qe2
Nxc3 16. bxc3 Nf5 17. Bf4 Rc8 18. a4 c5 19. Rb1 Ne7 20. dxc5 Rxc5 21. Rfd1 Bc6
22. Bd2 Qc7 23. Rb4 Rc8 24. Re1 Ra5 25. h4 Rxa4 26. h5 a5 27. Rxa4 Bxa4 28. Nd4
Bd7 29. Qf3 Kg8 30. hxg6 Nxg6 31. Qh5 Be8 32. Nxe6 fxe6 33. Bxg6 Bxg6 34. Qxg6
Qf7 35. Qd3 Qf5 36. Qb5 Rc4 37. Qxb6 Kh7 38. Qa6 Qg6 39. Re2 d4 40. Qxc4
1/2-1/2

[Event "9MCR_4D_1L_1S"]
[Site "?"]
[Date "2010.??.??"]
[Round "?"]
[White "Mateka, Petr"]
[Black "Pirhala, Ladislav"]
[Result "1/2-1/2"]
[WhiteElo "2342"]
[BlackElo "2239"]
[Annotator "039"]
[PlyCount "81"]
[EventDate "2010.??.??"]
[EventType "corr"]
[SourceDate "2002.06.29"]

1. e4 c5 2. Nf3 d6 3. d4 cxd4 4. Nxd4 Nf6 5. Nc3 a6 6. Be3 e5 7. Nb3 Be6 8. Be2
Be7 9. O-O O-O 10. Nd5 Nxe4 11. Bb6 Qd7 12. Nc7 Nc6 13. Nxa8 Rxa8 14. Re1 Nf6
15. c4 a5 16. a4 Bd8 17. Bxd8 Qxd8 18. Nd2 Rc8 19. Rc1 Qc7 20. Bd3 g6 21. Ne4
Nxe4 22. Bxe4 Nd4 23. b3 Kg7 24. Rb1 h6 25. Qd3 Qb6 26. Qd2 f5 27. Bf3 Rc7 28.
Rb2 g5 29. h3 Kf6 30. Rd1 Nxf3+ 31. gxf3 Rd7 32. Qe3 Qc7 33. Kh2 f4 34. Qe2 Qc6
35. Rd3 Qc5 36. Ra2 Rd8 37. Ra1 Ke7 38. Rh1 b6 39. Kg2 Qc8 40. Rdd1 h5 41. Qe4
1/2-1/2

[Event "9MCR_4D_1L_1S"]
[Site "?"]
[Date "2010.??.??"]
[Round "?"]
[White "Mezera, Lukas"]
[Black "Bultman, Milan"]
[Result "1/2-1/2"]
[WhiteElo "2279"]
[BlackElo "2084"]
[Annotator "063"]
[PlyCount "92"]
[EventDate "2010.??.??"]
[EventType "corr"]
[SourceDate "2002.06.29"]

1. d4 Nf6 2. c4 g6 3. Nc3 Bg7 4. e4 d6 5. Nf3 O-O 6. Be2 e5 7. O-O exd4 8. Nxd4
Re8 9. f3 Nc6 10. Be3 Nh5 11. Qd2 Nxd4 12. Bxd4 Bxd4+ 13. Qxd4 Nf4 14. Rfd1 b6
15. Bf1 Ne6 16. Qf2 f6 17. Nd5 a5 18. Rac1 Kg7 19. b3 Nc5 20. Qd4 Be6 21. g3 h5
22. Rc2 Bf7 23. Rg2 Bg8 24. Qc3 Bf7 25. h4 Ra7 26. Rgd2 Be6 27. Kh2 Bf7 28. a3
Bg8 29. Bg2 Bxd5 30. cxd5 b5 31. b4 axb4 32. axb4 Nd7 33. Bf1 Qb8 34. Ra1 Rxa1
35. Qxa1 Ne5 36. Kg2 Rc8 37. Be2 Qb6 38. Qa3 c5 39. dxc6 Qxc6 40. Qa7+ Rc7 41.
Qd4 Nc4 42. Rd1 Qd7 43. Rc1 d5 44. exd5 Qe7 45. Bxc4 Qxb4 46. g4 Qc5 1/2-1/2

[Event "9MCR_4D_1L_1S"]
[Site "?"]
[Date "2010.??.??"]
[Round "?"]
[White "Nyvlt, Zdenek"]
[Black "Brichacek, Milan"]
[Result "1/2-1/2"]
[WhiteElo "2302"]
[BlackElo "2085"]
[Annotator "010"]
[PlyCount "64"]
[EventDate "2010.??.??"]
[EventType "corr"]
[SourceDate "2002.06.29"]

1. Nf3 c5 2. c4 Nf6 3. Nc3 d5 4. cxd5 Nxd5 5. g3 Nc6 6. Bg2 Nc7 7. d3 e5 8. Nd2
Be7 9. Nc4 Bd7 10. O-O f6 11. f4 b5 12. Ne3 exf4 13. Rxf4 O-O 14. Nf5 Rb8 15.
a4 a6 16. axb5 axb5 17. Be3 Bxf5 18. Rxf5 Nd4 19. Rf1 f5 20. Bf2 Bf6 21. e4 b4
22. Na4 Be7 23. Kh1 Nce6 24. Qc1 fxe4 25. Qc4 Kh8 26. Bxe4 Qd6 27. Rae1 Rbd8
28. Be3 Qe5 29. Nb6 Qh5 30. Rxf8+ Bxf8 31. Rf1 Bd6 32. Bxd4 Nxd4 1/2-1/2

[Event "9MCR_4D_1L_1S"]
[Site "?"]
[Date "2010.??.??"]
[Round "?"]
[White "Nyvlt, Zdenek"]
[Black "Bultman, Milan"]
[Result "1-0"]
[WhiteElo "2302"]
[BlackElo "2196"]
[Annotator "072"]
[PlyCount "119"]
[EventDate "2010.??.??"]
[EventType "corr"]
[SourceDate "2002.06.29"]

1. Nf3 Nf6 2. c4 c5 3. Nc3 Nc6 4. g3 g6 5. Bg2 Bg7 6. d4 cxd4 7. Nxd4 O-O 8.
O-O Nxd4 9. Qxd4 d6 10. Qd3 a6 11. Bd2 Rb8 12. Rac1 Bf5 13. e4 Bd7 14. h3 Qc8
15. Kh2 Re8 16. f4 Bc6 17. b4 b6 18. Rfd1 Nd7 19. a3 Qd8 20. Be3 Bxc3 21. Rxc3
Qc7 22. Rcc1 a5 23. Bd4 axb4 24. axb4 Ra8 25. Bb2 Ra2 26. Qc3 Nf6 27. Ra1 Rxa1
28. Rxa1 e5 29. Qd3 Re6 30. b5 Bb7 31. f5 Re8 32. Rd1 Ra8 33. Qxd6 Qxd6 34.
Rxd6 Ra2 35. Rd8+ Kg7 36. Rd2 Kf8 37. Bc3 Rxd2 38. Bxd2 Bxe4 39. Be3 Bxg2 40.
Kxg2 Nd7 41. f6 Ke8 42. Kf3 Kd8 43. Ke4 Kc7 44. Kd5 Nxf6+ 45. Kxe5 Nd7+ 46. Kd5
Nf6+ 47. Kd4 Nd7 48. Bf4+ Kb7 49. Kd5 Nf6+ 50. Ke5 Nh5 51. Kd6 g5 52. Bxg5 Nxg3
53. Ke5 Kc7 54. Be3 Kb7 55. h4 Nh5 56. Kf5 Ng7+ 57. Kf6 Ne8+ 58. Ke7 Ng7 59.
Kxf7 Nf5 60. Bf2 1-0

[Event "9MCR_4D_1L_1S"]
[Site "?"]
[Date "2010.??.??"]
[Round "?"]
[White "Nyvlt, Zdenek"]
[Black "Canibal, Jaromir"]
[Result "1-0"]
[WhiteElo "2302"]
[BlackElo "2243"]
[Annotator "071"]
[PlyCount "117"]
[EventDate "2010.??.??"]
[EventType "corr"]
[SourceDate "2002.06.29"]

1. Nf3 Nf6 2. c4 g6 3. Nc3 Bg7 4. e4 c5 5. d4 cxd4 6. Nxd4 d6 7. Be2 O-O 8. O-O
Nc6 9. Be3 Bd7 10. Qd2 Nxd4 11. Bxd4 Bc6 12. Bd3 Ng4 13. Bxg7 Kxg7 14. h3 Ne5
15. Rac1 Rc8 16. Rfe1 Qb6 17. Bf1 f6 18. Nd5 Qd8 19. b3 e6 20. Nf4 Qe7 21. Ne2
Nf7 22. Rcd1 Rfd8 23. Nd4 Bd7 24. Re3 a6 25. a4 Rc5 26. a5 Rb8 27. Nc2 Qd8 28.
Ra1 Rcc8 29. Be2 Qc7 30. h4 b5 31. axb6 Qxb6 32. b4 Bc6 33. Bg4 Bd7 34. c5 Qc7
35. Nd4 dxc5 36. bxc5 Re8 37. Rc1 Bc8 38. Qa2 Nd8 39. e5 fxe5 40. Nf3 Nc6 41.
Qa1 Rb4 42. Bh3 Qf7 43. Nxe5 Nxe5 44. Rxe5 Qf6 45. g3 Rd8 46. Qc3 Rbd4 47. Qe1
Rd2 48. Bxe6 Rxf2 49. Bxc8 Rxc8 50. Re7+ Kg8 51. c6 Rf3 52. Rd7 Qb2 53. Rd2 Qb3
54. Kh2 Rff8 55. Qe2 a5 56. Qe5 Rf5 57. Qe4 Rff8 58. c7 Qf7 59. Qc6 1-0

[Event "9MCR_4D_1L_1S"]
[Site "?"]
[Date "2010.??.??"]
[Round "?"]
[White "Nyvlt, Zdenek"]
[Black "Kuta, Jiri"]
[Result "1-0"]
[WhiteElo "2302"]
[BlackElo "2375"]
[Annotator "043"]
[PlyCount "86"]
[EventDate "2010.??.??"]
[EventType "corr"]
[SourceDate "2002.06.29"]

1. d4 Nf6 2. c4 e6 3. g3 c5 4. d5 exd5 5. cxd5 d6 6. Nc3 g6 7. Bg2 Bg7 8. Nf3
O-O 9. O-O Re8 10. Bf4 Nh5 11. Bg5 Qb6 12. Qc1 Nd7 13. Re1 Ne5 14. Rb1 Bd7 15.
Nxe5 Bxe5 16. e4 Rab8 17. h3 Ng7 18. Qd2 Qa6 19. Be3 Rbc8 20. a3 f5 21. exf5
Nxf5 22. Bf4 Nd4 23. Bxe5 dxe5 24. g4 Bb5 25. Re3 Nb3 26. Qe1 Nd4 27. Rc1 h6
28. Kh1 Rcd8 29. Rxe5 Ne2 30. Rxe8+ Rxe8 31. Nxe2 Rxe2 32. Qc3 Qd6 33. Kg1 Re7
34. a4 Ba6 35. Re1 Rxe1+ 36. Qxe1 Kf7 37. h4 g5 38. hxg5 hxg5 39. Qe4 Qe7 40.
Qf5+ Ke8 41. Be4 Be2 42. Qc8+ Kf7 43. Bf5 Kg7 1-0